00945nam a2200217 a 450000100100000000500170001000800410002704000250006808200290009311001040012224500500022624600550027626000330033130000170036450000360038150500840041765000600050165100620056165100410062371000630066400001649020250221073754.0100305s1996 dr b 000 0 spa d aDO-SdBNPbspacBNPHU a304.6097293bR426s, 19961 aRepública DominicanabSecretariado Técnico de la PresidenciabOficina Nacional de Estadística10aVII censo nacional de población y vivienda.10aSéptimo censo nacional de población y vivienda aSanto Domingo :bONE,c1996. av. ;c29 cm. aLa biblioteca posee el v.5, t.10 gv.5 , t.1.tResultados definitivos de barrios del Distrito Nacional, abril 1997 4aViviendaszRepública DominicanaxEstadísticasy1997 4aRepública DominicanaxPoblaciónxEstadísticasy1997 4aRepública DominicanaxCensosy199712aRepública Dominicana.bOficina Nacional de Estadística